| 000 | 00819nam a22002897a 4500 | ||
|---|---|---|---|
| 001 | 0039537 | ||
| 003 | KOHA_MİRAKIL | ||
| 005 | 20260207003133.0 | ||
| 007 | ta | ||
| 008 | 130220b2003 enka|||gr||||#0|||1|eng | | ||
| 020 | _a0582526140 | ||
| 040 |
_aTR-BiSEU _btur _cTR-BiSEU _erda |
||
| 041 | 0 | _aeng | |
| 044 | _cenk | ||
| 050 |
_aPE1128.F47 _bI54 2003 |
||
| 100 | 1 | _aFerguson, Peter. | |
| 245 | 1 |
_aIt never snows in England/ _cPeter Ferguson ; Peter Ferguson. |
|
| 264 | 1 |
_aHarlow, Essex : _bLongman _c2003 |
|
| 300 |
_a16 p. : _bill. |
||
| 336 |
_ametin _btxt _2rdacontent |
||
| 337 |
_aaracısız _bn _2rdamedia |
||
| 338 |
_acilt _bnc _2rdacarrier |
||
| 490 | 1 |
_aLongman structural readers ; _vStage 1 |
|
| 830 | 1 |
_aLongman structural readers ; _vStage 1 _973480 |
|
| 907 | _aDil | ||
| 942 |
_2lcc _cBK |
||
| 999 |
_c39416 _d39416 |
||